000 00862nam a2200289 a 4500
999 _c10616
_d10616
001 2296756
003 OSt
005 20191228113904.0
008 820701s1979 ii a b 001 0 eng
010 _a 79907161
020 _c8170333474
020 _c8170333466
040 _aDLC
_cDLC
_dDLC
043 _aa-ii---
050 0 0 _aS517.I4
_bH8
082 0 0 _a630.9
_219
_bHUS/S
100 1 _aHusain, Majid,
_d1938-
_9884
245 1 0 _aSystematic Agricultural geography /
_cMajid Husain.
260 _aJaipur :
_bPrem Rawat,
_c2002.
300 _a430p. :
_bill ;
_c23 cm.
500 _aIncludes index.
504 _aBibliography: p. 215-227.
650 0 _aAgricultural geography.
650 0 _aAgricultural geography
_zIndia.
906 _a7
_bcbc
_corignew
_d4
_encip
_f19
_gy-gencatlg
942 _2ddc
_cBK
_h630.9
_iHUS/S
_k630.9
_mHUS/S